| 000 | 00950nam a2200289 a 4500 | ||
|---|---|---|---|
| 001 | 016229371 | ||
| 003 | OSt | ||
| 005 | 20140112153209.0 | ||
| 008 | 130719t2013 xxka frb 001 0 eng c | ||
| 020 | _a9780723436591 (pbk.) | ||
| 020 | _z9780723437819 (ebook) | ||
| 040 |
_aStDuBDS _beng _cStDuBDS _dStEdNL |
||
| 082 | 0 | 4 |
_a617.695 _222 _bNOO |
| 100 | 1 |
_aNoort, Richard van _934817 |
|
| 245 | 1 | 0 |
_aIntroduction to dental materials / _cRichard van Noort ; with contributions by Michele E. Barbour. |
| 246 | 3 | 0 | _aDental materials |
| 250 | _a4th ed. | ||
| 260 |
_aEdinburgh, United Kingdom : _bMosby / Elsevier, _cc.2013 _e(Beijing) |
||
| 300 |
_axiv, 246 p. : _bill. (col.) ; _c28 cm. |
||
| 500 | _aIndex : p. 237-246. | ||
| 504 | _aIncludes bibliographical references. | ||
| 650 | 0 |
_aDental materials. _930155 |
|
| 653 |
_bDent _cJanuary2014 |
||
| 655 |
_vtext book _933728 |
||
| 700 | 1 |
_934818 _aBarbour, Michele E. |
|
| 942 |
_2ddc _k617.695 NOO |
||
| 999 |
_c17915 _d17887 |
||